Statistiques concernant Culture Générale - Série 1499

Cliquez ici pour prendre le quiz!

Statistiques générales

  • Ce quiz a été pris 48 fois
  • Le résultat moyen est 5 sur 9

Statistiques - réponses

Question Réponse % Correct
Dans quel État européen se trouve la communauté autonome de Galice ?Espagne
93%
En médecine, quel nom donne-t-on à l'embryon humain du 3e mois de la grossesse à la naissance ?foetus
89%
De quel arbre proviennent les rameaux, qui figurent sur le drapeau de l'Organisation des Nations unies ?olivier
84%
Quel animal est une prim'Holstein ?vache
67%
Quel mot espagnol désigne les grandes fêtes annuelles du sud de la France, comprenant des courses de taureaux ?Ferias
64%
La fresque du peintre Raoul Dufy retraçant les étapes de la découverte de l'électricité s'intitule "La Fée...Électricité
56%
Dans quelle ville américaine se trouve l'hôpital dans la série : "Grey's Anatomy" ?Seattle
33%
Quel président de la République nomme Clemenceau à la tête du gouvernement, en 1917 ?Raymond Poincaré
31%
Quel peintre d'origine russe est l'auteur de la toile intitulée “Double portrait au verre de vin”, en 1917 ?Marc Chagall
20%

Distribution des résultats

Percentile par nombre de réponses

% des personnes avec chaque résultat

Votre développement - résultats

Vous n’avez pas pris ce quiz